000 00249nam a2200097Ia 4500
008 240709s9999 xx 000 0 und d
041 _aeng
100 _aDilip Kumar Sultania
_9207802
245 _aData Structure & Files
260 _bTech-Max Publisher
999 _c358953
_d358953